00385nam a22001337a 4500003000400000008004100004020001800045100004200063245003300105250000800138260006400146300000800210650003300218OSt210205b ||||| |||| 00| 0 eng d a9789352706921 a K.Sembulingam and Prema Sembuylingam aReview of Medical Physiology a3rd aNew DelhibJaypee Brothers Medical Publishers (P) Ltdc2021 a144 aHuman Anatomy and Physiology